| 000 | 00000nam##2200000za#4500 |
| 001 | 9.537740 |
| 003 | CaOODSP |
| 005 | 20210615084702 |
| 007 | ta |
| 008 | 150406|2003||||xxc||||| f|0| 0 eng|d |
| 020 | |a0-660-62245-9 |
| 040 | |aCaOODSP|beng |
| 041 | |aeng |
| 041 | |afre |
| 043 | |an-cn--- |
| 086 | 1 |aBT31-2/2004-III-81 |
| 110 | 1 |aCanada. |bTreasury Board. |
| 245 | 10|aAtlantic Canada Opportunities Agency |
| 260 | |aOttawa - Ontario : |bTreasury Board of Canada Secretariat |c2003. |
| 300 | |a[4], 49p. : |bgraph, tables ; |c28 cm. |
| 490 | 1 |a2003-2004 estimates, part III: report on plans and priorities |
| 520 | 3 |aReports on Plans and Priorities (RPPs) are individual expenditure plans for each department and agency (excluding Crown corporations) for the 2003-2004 fiscal year. These reports contain information on the department's objectives, initiatives and planned results, including links to related resource requirements over a three-year period. The RRP also provides details on human resource requirements, major capital projects, grants and contributions, and net program costs. |
| 563 | |aSoftcover |
| 590 | |a03-14|b2003-04-04 |
| 776 | 0#|tAtlantic Canada Opportunities Agency - 2003-2004 estimates. Part III, report on plans and priorities |w(CaOODSP)9.568797 |
| 776 | 0#|tAgence de promotion économique du Canada atlantique - Budget des dépenses 2003-2004. Partie III, rapport sur les plans et les priorités |w(CaOODSP)9.600064 |
| 792 | |tAgence de promotion économique du Canada atlantique |efre|w(CaOODSP)9.537741 |
| 830 | #0|a2003-2004 estimates, part III: report on plans and priorities.|w(CaOODSP)9.510820 |